00674nam a2200229 a 4500001001300000003000900013005001700022008004100039020001000080082001600090100002100106245005500127260002800182300000900210500003500219650001800254700002100272902000800293942000700301952011900308999001700427nice12345678IN_TiNIC20260116015338.0100205s1989 cana grp 000 0 eng  ac10000a270.82bRYA aRyan, Thomas Csp aSurvivial Guide for Ecumenically Minded Christians aCanada bNovalis c1989 a163p aincludes index and biblioraphy aEcumenicalism1 aRyan, Thomas Csp bSRS cBK 001040708StackRoom-aHMIbHMId2010-02-05g100.00l0o270.82 RYAp11002107r2010-02-05v100.00w2010-02-05yBK c19319d19319